Super Mario Sunshine Q&A - Statistics

General Stats
  • This quiz has been taken 291 times
    250 since last reset
  • The average score is 15 of 25
Answer Stats
# Question Answer % Correct
2 What console is this game playable for? Gamecube
97%
4 Who is Shadow Mario? Bowser Jr.
88%
24 How many blue coins must you collect to get a shine sprite? 10
82%
23 How many yellow coins must you collect to get a shine sprite? 100
78%
22 How many red coins must you collect to get a shine sprite? 8
78%
8 How many shine sprites? 120
73%
12 What race mainly lives in Noki Bay? Nokis
73%
10 What is the name of the hub world? Delfino Plaza
72%
11 What race lives on most of the island? Piantas
68%
18 Name of World 6? Noki Bay
66%
3 What is the name of the island where the game takes place? Isle Delfino
61%
13 Name of World 1? Bianco Hills
59%
6 Can you name the most common nozzle used for F.L.U.D.D.? Hover Nozzle
58%
16 Name of World 4? Pinna Park
58%
20 Name of World 8? Corona Mountain
57%
15 Name of World 3? Gelato Beach
57%
14 Name of World 2? Ricco Harbor
57%
21 Where do you collect your first shine sprite? Delfino Airstrip
54%
19 Name of World 7? Pianta Village
54%
9 How many blue coins? 240
52%
7 Who makes his first playable 3D appearance? Yoshi
52%
17 Name of World 5? Sirena Beach
49%
25 Who is Mario's voice actor? Charles Martinet
48%
5 What does F.L.U.D.D. stand for? Flash Liquidizer Ultra Dousing Device
21%
1 When was this game released in North America? August 26, 2002
14%
No matching quizzes found
Score Distribution
Percent of People with Each Score
Percentile by Number Answered
Your Score History
You have not taken this quiz since the last reset